Statistics for Countries closest to another country without bordering

Click here to take the quiz!

General Stats

  • This quiz has been taken 65 times
  • The average score is 17 of 21

Answer Stats

Distance (M)AnswerClosest CountryDistance (K)% Correct
20MalaysiaPhilippines29
93%
14MalaysiaIndonesia23
93%
0.8MalaysiaSingapore2
93%
3DenmarkSweden6
89%
5ItalyMonaco8
89%
25FranceUnited Kingdom35
88%
21GermanyLiechtenstein30
88%
16IranKuwait27
88%
2RussiaUnited States4
88%
11BahrainSaudi Arabia17
86%
10QatarBahrain16
86%
10IsraelSaudi Arabia16
86%
13YemenDjibouti20
84%
12CroatiaItaly19
81%
0.3NamibiaZimbabwe0.8
81%
0.4Sri LankaIndia1
81%
4EgyptSaudi Arabia7
77%
14NepalBangladesh2
77%
20BotswanaAngola29
74%
13TajikistanPakistan2
68%
3JapanRussia6
60%

Score Distribution

Percentile by Number Answered

Percent of People with Each Score

Your Score History

You have not taken this quiz